[Event "Trois-Rivieres Mauricie op"]
[Site "Trois Rivieres"]
[Date "2011.03.18"]
[Round "1"]
[White "Hebert, Jean"]
[Black "Riordon, Jason"]
[Result "1-0"]
[WhiteElo "2417"]
[BlackElo "2035"]
[PlyCount "85"]
[EventDate "2011.03.18"]
[EventType "swiss"]
[EventRounds "5"]
[EventCountry "CAN"]
[SourceTitle "EXT 2022"]
[Source "ChessBase"]
[SourceDate "2021.10.06"]
[SourceVersion "1"]
[SourceVersionDate "2021.10.06"]
[SourceQuality "1"]

1. Nf3 d5 2. c4 c6 3. d4 Nf6 4. Nc3 e6 5. e3 Nbd7 6. Qc2 Be7 7. b3 0-0 8. Bd3 c5 9. 0-0 b6 10. cxd5 exd5 11. Bb2 Bb7 12. Rfd1 Rc8 13. dxc5 Nxc5 14. Bf5 Ne6 15. Qe2 Bd6 16. Nb5 Ba6 17. a4 Rc5 18. Bd3 Re8 19. Bxf6 gxf6 20. Nxd6 Bxd3 21. Qxd3 Qxd6 22. Qf5 Ng7 23. Qg4 f5 24. Qd4 Re4 25. Qd3 Qc7 26. Nd4 f4 27. Nb5 Qe7 28. exf4 Rxf4 29. Qg3 Re4 30. Qb8+ Ne8 31. Nxa7 Qf6 32. Nb5 Re2 33. Qg3+ Kh8 34. h3 d4 35. Nxd4 Rg5 36. Qf3 Rb2 37. Rac1 Kg7 38. Qxf6+ Nxf6 39. Rc2 Rxc2 40. Nxc2 Rc5 41. Ne3 Ne4 42. f3 Nc3 43. Rd6 1-0